Представление документа в формате MARC21

Поле Инд. ПП Название Значение
Тип записи a
Библиографический уровень m
001 Контрольный номер RU/IS/BASE/333637492
005 Дата корректировки 20140227133437.1
080 a Индекс УДК 94(47)"14/16"
084 a Индекс другой классификации/Индекс ББК Т3(2)4-21
090 a Полочн. индекс 9(С)13
x Авторский знак А 25
245 10 a Заглавие Аграрная история северо-запада России
b Продолж. заглавия вторая половина XV - начало XVI в.
c Ответственность рук. авт. коллектива А. Л. Шапиро ; АН СССР, Ленингр. отд-ние Ин-та истории СССР, Ленингр. гос. ун-т
260 0_ a Место издания Ленинград
b Издательство Наука
c Дата издания 1971
300 a Объем 401,[1] с.
b Иллюстрации/ тип воспроизводства табл.
504 a Библиография Библиогр. в подстроч. примеч.
504 a Библиография Геогр., предм. указ. : с. 375-399
653 a Ключевые слова 15 в.
a Ключевые слова 16 в.
a Ключевые слова Аграрная история России
a Ключевые слова История России
a Ключевые слова Россия
a Ключевые слова Сельскон хозяйство
700 1_ a Другие авторы Шапиро Александр Львович
q Полное имя Шапиро, А. Л.
700 1_ a Другие авторы Абрамович Г. В.
700 1_ a Другие авторы Осьминский Т. И.
920 a Оператор Лиси
954 a Дата поступления на обработку 20100728